Ignorant agents blasted (Record no. 62085)

MARC details
000 -LEADER
fixed length control field 00668cam a2200193 4500
001 - CONTROL NUMBER
control field WB3601-42
008 - FIXED-LENGTH DATA ELEMENTS--GENERAL INFORMATION
fixed length control field 000000n1999 000 0 eng u
035 ## - SYSTEM CONTROL NUMBER
System control number (Sirsi) u103306
245 ## - TITLE STATEMENT
Title Ignorant agents blasted
260 ## - PUBLICATION, DISTRIBUTION, ETC.
Date of publication, distribution, etc. 1999
490 ## - SERIES STATEMENT
Series statement Property Week
Volume/sequential designation 64(49) 17 December 1999, 5(1)
520 ## - SUMMARY, ETC.
Summary, etc. The head of the RICS's rating panel, Charles Partridge, has criticised agents for being ignorant about April's revaluation allowing the 'rating cowboys' to gain a foothold in the market.
590 ## - LOCAL NOTE (RLIN)
Local note WB
650 ## - SUBJECT ADDED ENTRY--TOPICAL TERM
Topical term or geographic name entry element RATING REVALUATION
650 ## - SUBJECT ADDED ENTRY--TOPICAL TERM
Topical term or geographic name entry element RATING COWBOYS
650 ## - SUBJECT ADDED ENTRY--TOPICAL TERM
Topical term or geographic name entry element RATING REVALUATION 2000
690 ## - LOCAL SUBJECT ADDED ENTRY--TOPICAL TERM (OCLC, RLIN)
Topical term or geographic name as entry element RATING AND VALUATION
942 ## - ADDED ENTRY ELEMENTS (KOHA)
Suppress in OPAC 0
Holdings
Withdrawn status Lost status Source of classification or shelving scheme Damaged status Not for loan Home library Current library Shelving location Date acquired Total Checkouts Full call number Barcode Date last seen Copy number Price effective from Koha item type
    Dewey Decimal Classification     London London News article 20/12/1999   WB3601-42 103306-1001 06/08/2019 1 06/08/2019 News article